| 000 | 03065ncm0a22004091 4500 | ||
|---|---|---|---|
| 001 | RU\NLR\ONIZ\218876 | ||
| 005 | 20250626062719.0 | ||
| 035 | _aRU\NLR\ONIZ\GALA\5000030728\20170622121128 | ||
| 035 | _a(NLR Aleph) 011415362 | ||
| 071 | 2 | 0 | _aм 16956 г |
| 090 |
_a11581699 _c11581699 |
||
| 100 | _a20170622d1940 |||y0rusy50 ca | ||
| 101 | 0 | _arus | |
| 102 | _aRU | ||
| 125 | _aax | ||
| 200 | 1 |
_aИзбранные романсы _bНоты _e(меццо-сопрано или баритон) [в сопровожд. фп.] _fП. И. Чайковский _gред. А. Карцева, В. Товстолужского |
|
| 210 |
_aМосква _cМузгиз _d1940 |
||
| 215 |
_a107 с. _cпортр. _d29 см |
||
| 327 | 1 | _aИ больно, и сладко / сл. Е. Ростопчиной ; Слеза дрожит / сл. А. Толстого ; Отчего? / сл. Л. Мея ; Нет, только тот, кто знал / сл. Л. Мея ; Забыть так скоро / сл. А. Апухтина ; Погоди! / сл. Н. Грекова ; Хотел бы в единое слово / сл. Л. Мея ; Моя баловница / сл. Л. Мея ; Он так меня любил / сл. А. К. Тостого ; Страшная минута / сл. N. N. (П. Чайковского) ; Серенада дон Жуана / сл. А. К. Толстого ; То было раннею весной / сл. А. К. Толстого ; Средь шумнго бала / сл. А. К. Толстого ; День ли царит... / сл. А. Апухтина ; Я ли в поле да не травушка была / сл. И. Сурикова ; Песня цыганки / сл. Я. Полонского ; Нам звёзды кроткие сияли / сл. А. Плещеева ; Растворил я окно / сл. К. Р. ; Серенада: "Ты куда летишь" / сл. Эд. Туркети ; Чаровница / сл. П. Коллэна ; Мы сидели с тобой / сл. Д. Ратгауза ; В эту лунную ночь / сл. Д. Ратгауза ; Закатилось солнце / сл. Д. Ратгауза | |
| 606 | 1 |
_aРомансы для среднего голоса и фортепиано _yРоссия _z19 в. _jНоты _2nlr_sh |
|
| 686 |
_aЩ943.2-42-043.3я44(28) _vLBC/SL _2rubbk |
||
| 700 | 1 |
_9z01790 _aЧайковский _bП. И. _f1840-1893 _gПетр Ильич _4230 _7ca |
|
| 702 | 1 |
_9z02790 _aКарцев _bА. _gА. _4340 |
|
| 702 | 1 |
_9z03790 _aТовстолужский _bВ. _gВ. _4340 |
|
| 790 | 1 |
_9z01700 _aChajkovskij _bP. I. _f1840-1893 _gPyotr Il`ich _4230 _7ba |
|
| 790 | 1 |
_9z02702 _aKarczev _bA. _gA. _4340 |
|
| 790 | 1 |
_9z03702 _aTovstoluzhskij _bV. _gV. _4340 |
|
| 801 | 0 |
_aRU _bNLR _c20170622 _gPSBO |
|
| 801 | 1 |
_aRU _bNLR _c20170622 _2rusmarc |
|
| 801 | 2 |
_aRU _bNLR _c20180821 |
|
| 852 |
_aNLR _bМ _j3/10177 _p265769 _t1 |
||
| 852 |
_aNLR _bМ _j235-3/Ч.154 _p45697 _t2 |
||
| 852 |
_aNLR _bМ _j235-3/Ч.154а _p45698 _t3 |
||
| 942 | _cSCORE | ||
| 980 | _aNB | ||
| 980 | _aONIZ | ||